000 01286nam a2200325 i 4500
003 EG-GICUC
005 20260121101349.0
008 251126s2000 ua ||||fr|||| 00| 0 ara d
017 _a۲۰۱۳ / ۲۰۰۰
020 _a977--04-2873-6
040 _a EG-GICUC
_bara
_c EG-GICUC
_d EG-GICUC
_erda
041 0 _aara
082 0 4 _221
_a345.324
_bم ح . إ
092 0 4 _221
099 _aLaw1 07 345.324 م ح . إ 2000
100 0 _aمحمد محمد عبد اللطيف
_eمؤلف.
245 1 2 _aالإتجاهات المعاصرة :
_bفي إدارة المرافق العامة الاقتصادية /
_cالدكتور محمد محمد عبد اللطيف.
264 1 _aالقاهرة :
_bدار النهضة العربية،
_c2000.
300 _a141 ؛صفحة
_c24 سم.
336 _2rda content
_atext
337 _2rda media
_aComputer
338 _2rda carrier
_aOnline Resource
504 _a.137-133ببليوجرافيا: صفحات
546 _aالنص أغلبه باللغة العربية مع بعض النصوص الفرنسية
650 1 4 _aطرق ادارة المرافق العامة
650 1 4 _aالقانون الإداري
856 4 0 _uhttps://fll.law.cu.edu.eg/fulltext/bks/B07-01135.pdf
905 _a32
_eYara
942 _2ddc
_cBK
_e21
_n0
999 _c46328
_d46328